00900cam a22002415a 45000010009000000050017000090080041000260200018000670400028000850820021001131000038001342450070001722600048002423000043002905000025003335040031003586500034003896510010004236530034004339420021004679990017004889520153005051768470820151028151549.0130404s2013 enkad frb 001 0 eng d a9780273774662 aDLCbengcDLCdEG-ScBUE04a332.042bDAN2221 aDaníelsson, Jón.93860010aGlobal financial systems :bstability and risk /cJon Danielsson. aHarlow :bPearson education Limited,c2013. axiv, 426 p. :bcharts, table ;c25 cm. aIndex : p. 399-426.  aBibliography : p. 393-398. 0aInternational finance.2BUEsh 2BUEsh bBUSADMcJune2015cOctober2015 2ddck332.042 DAN c19719d19691 00102ddc40708AlahramaMAINbMAINc1STd2015-06-17ePurchaseg295.00h338l2o332.042 DANp000038652r2025-07-15 00:00:00s2016-10-24v368.75yBB